|
|
|
|
| LEADER |
02682nam a22003733i 4500 |
| 001 |
EBC6734081 |
| 003 |
MiAaPQ |
| 005 |
20231204023218.0 |
| 006 |
m o d | |
| 007 |
cr cnu|||||||| |
| 008 |
231204s1970 xx o ||||0 fre d |
| 020 |
|
|
|a 9782759233229
|q (electronic bk.)
|
| 035 |
|
|
|a (MiAaPQ)EBC6734081
|
| 035 |
|
|
|a (Au-PeEL)EBL6734081
|
| 035 |
|
|
|a (OCoLC)1289371274
|
| 040 |
|
|
|a MiAaPQ
|b eng
|e rda
|e pn
|c MiAaPQ
|d MiAaPQ
|
| 100 |
1 |
|
|a Lavabre, Jacques.
|
| 245 |
1 |
0 |
|a Eaux et forêts. la forêt :
|b un Outil de Gestion des Eaux ?
|
| 264 |
|
1 |
|a Versailles :
|b Quae,
|c 1970.
|
| 264 |
|
4 |
|c {copy}2023.
|
| 300 |
|
|
|a 1 online resource (119 pages)
|
| 336 |
|
|
|a text
|b txt
|2 rdacontent
|
| 337 |
|
|
|a computer
|b c
|2 rdamedia
|
| 338 |
|
|
|a online resource
|b cr
|2 rdacarrier
|
| 490 |
1 |
|
|a Écosystèmes Forestiers Series
|
| 505 |
0 |
|
|a Intro -- SOMMAIRE -- AVANT-PROPOS -- INTRODUCTION -- DEMANDE EN EAU ET EFFETS DE LA FORÊT SUR LA RESSOURCE -- UTILISATIONS DE L'EAU ET CONTRAINTES ASSOCIÉES -- LES FORÊTS ET L'EAU : EFFETS POSITIFS ET EFFETS NÉGATIFS -- QUELLES PRATIQUES ET QUELCADRE RÉGLEMENTAIRE POUR UNE GESTION COMBINÉE DES FORÊTS ET DES RESSOURCES EN EAU ? -- CADRE ÉCONOMIQUE ET FINANCIER -- COMMENT AMÉLIORER LA PRISE EN COMPTE DE L'EAU DANS LA GESTION FORESTIÈRE ? -- POSITION DES GESTIONNAIRES DE L'EAU ET RÉGLEMENTATION ISSUE DE LA LOI SUR L'EAU -- LA FORÊT PEUT-ELLE ÊTRE UN OUTIL DE GESTION DES EAUX ? -- CONCLUSION -- BIBLIOGRAPHIE -- FICHES TECHNIQUES -- SOMMAIRE -- FICHE 1. LES EAUX CONTINENTALES DE FRANCE -- FICHE 2. ÉVOLUTION DE L'OCCUPATION DE L'ESPACE ET DES SURFACES FORESTIÈRES EN FRANCE -- FICHE 3. FORÊT ET CLIMAT -- FICHE 4. LE CYCLE DE L'EAU EN FORÊT -- FICHE 5. FORÊT ET RESSOURCES EN EAU -- FICHE 6. FORÊT ET RISQUES NATURELS LIÉS À L'EAU -- FICHE 7. FORÊT ET QUALITÉ DE L'EAU -- FICHE 8. LES RIPISYLVES -- FICHE 9. FORÊT ET RESSOURCES PISCICOLES -- FICHE 10. GESTION DE L'ESPACE ET PROTECTION DES EAUX. QUELQUES CAS CONCRETS.
|
| 588 |
|
|
|a Description based on publisher supplied metadata and other sources.
|
| 590 |
|
|
|a Electronic reproduction. Ann Arbor, Michigan : ProQuest Ebook Central, 2023. Available via World Wide Web. Access may be limited to ProQuest Ebook Central affiliated libraries.
|
| 655 |
|
4 |
|a Electronic books.
|
| 700 |
1 |
|
|a Andréassian, Vazken.
|
| 776 |
0 |
8 |
|i Print version:
|a Lavabre, Jacques
|t Eaux et forêts. la forêt : un Outil de Gestion des Eaux ?
|d Versailles : Quae,c1970
|
| 797 |
2 |
|
|a ProQuest (Firm)
|
| 830 |
|
0 |
|a Écosystèmes Forestiers Series
|
| 856 |
4 |
0 |
|u https://ebookcentral.proquest.com/lib/matrademy/detail.action?docID=6734081
|z Click to View
|